000 00752nam a2200217Ia 4500
008 150520s9999 xx 000 0 und d
050 _aQA 76.76.I59
050 _b.C58 2015
100 _aChua, Nikki Marjorie O.
245 _aDevelopment of an interactive flash application for the subject introduction to multimedia arts /
245 _cNikki Marjorie O. Chua, Clarissa J. Herrera, Eliza Jane M. Maquirang, and Jacob B. Sabuquia.
260 _aLas PiƱas, Philippines :
260 _bSISC,
260 _c2015.
300 _a54 pages :
300 _bcolor illustrations ;
300 _c28 cm.
500 _aIncludes bibliographical references and appendices.
650 _aComputer Software
650 _xInteractive Flash Application
999 _c284027
_d284027